Szczegóły MARC21

Tworzenie i dostosowywanie produktów turystycznych do potrzeb osób niepełnosprawnych : praca zbiorowa /

003 -Nazwa inst., której nr kontr. jest w polu 001 [,]
    • @
    • Nazwa instytucji, której n kontrolny jest w polu 001
    • NUKAT
005 -DATA I CZAS OSTATNIEJ MODYFIKACJI [,]
    • @
    • pole kontrolne
    • 20250617115030.0
040 -Instytucja sporządzająca opis [ , ]
    • a
    • Instytucja, która sporządziła opis (NP)
    • WA M/MM
    • b
    • Język katalogowania
    • pol
    • e
    • Zasady katalogowania
    • rda
    • c
    • Instytucja, która sporządziła rekord (NP)
    • WA M/MM
    • d
    • Instytucja, która zmodyfikowała rekord (P)
    • WA M/ES
    • d
    • Instytucja, która zmodyfikowała rekord (P)
    • POZN U/HAs
    • d
    • Instytucja, która zmodyfikowała rekord (P)
    • SZCZ U/JS
    • d
    • Instytucja, która zmodyfikowała rekord (P)
    • KAT U/44IPs
942 -Rodzaj dokumentu [ , ]
    • c
    • Rodzaj dokumentu
    • Książka
100 -Hasło główne - nazwa osobowa [1, ]
    • a
    • Nazwa osobowa (NP)
    • Borowicka, Agata.
    • e
    • Rodzaj współpracy
    • Autor
    • e
    • Rodzaj współpracy
    • Redakcja
    • 9
    • KHW
    • 73394
245 -Strefa tytułu i oznaczenia odpowiedzialności [1,0]
    • a
    • Tytuł
    • Tworzenie i dostosowywanie produktów turystycznych do potrzeb osób niepełnosprawnych : Find
    • b
    • Ciąg dalszy tytułu (NP)
    • praca zbiorowa / Find
    • c
    • Pozostałe elementy strefy tytułu i oznaczenia odpowiedzialności (NP)
    • autorzy Agata Borowicka, Marta Giezek, Krzysztof Kaganek, Jerzy Kałużny, Joanna Kędzierska, Irena Ramik-Mażewska, Elwira Rewcio, Andrzej Szczygieł, Elżbieta Wąsowicz-Zaborek ; redakcja Agata Borowicka, Anna Borowicka, Wojciech Heliński.
260 -Strefa adresu wydawniczego [ , ]
    • a
    • Miejsce wydania (P)
    • Szczecin :
    • b
    • Nazwa wydawcy (P)
    • Forum Turystyki Regionów,
    • c
    • Data wydania (P)
    • 2007.
300 -Strefa opisu fizycznego [ , ]
    • a
    • Określenie formy książki i/lub objętość (NP)
    • 119 stron :
    • b
    • Oznaczenie ilustracji (NP)
    • ilustracje ;
    • c
    • Format (NP)
    • 23 cm.
336 -Typ zawartości [ , ]
    • a
    • Termin opisujący typ zawartości
    • Tekst
    • b
    • Kod określający zawartość
    • txt
    • 2
    • Źródło (terminu i kodu)
    • rdacontent
337 -Typ mediów [ , ]
    • a
    • Tryb odtwarzania
    • Bez urządzenia pośredniczącego
    • b
    • Kod typu mediów
    • n
    • 2
    • Źródło (terminu i kodu)
    • rdamedia
338 -Typ/rodzaj nośnika [ , ]
    • a
    • Hasło opisujące typ nośnika
    • Wolumin
    • b
    • Kod typu nośnika
    • nc
    • 2
    • Źródło (terminu i kodu)
    • rdacarrier
380 -Deskryptor - Forma dzieła (P) [ , ]
    • a
    • forma dzieła (NP)
    • Książki
380 -Deskryptor - Forma dzieła (P) [ , ]
    • a
    • forma dzieła (NP)
    • Publikacje fachowe
388 -Deskryptor - czas powstania dzieła (P) [1, ]
    • a
    • Czas powstania dzieła (NP)
    • 2001-
504 -Uwaga dot. bibliogr. załącznikowej [ , ]
    • a
    • Uwaga dot. bibliografii załącznikowej
    • Bibliografia przy rozdziałach.
080 -Uniwersalna Klasyfikacja Dziesiętna [ , ]
    • 2
    • Identyfikator wydania tablic
    • BN KHW UKD
    • 9
    • UKD
    • 94154
    • a
    • Symbol klasyfikacji
    • 338.48-056.26/.36
    • b
    • Dopowiedzenie
    • Turystyka niepełnosprawnych.
650 -Hasło przedmiotowe [ ,7]
    • a
    • Hasło przedmiotowe
    • Osoby z niepełnosprawnością
    • x
    • Określnik rzeczowy
    • podróże.
    • 2
    • Źródło terminu
    • kaba
    • 9
    • KHW
    • 121381
650 -Hasło przedmiotowe [ ,7]
    • a
    • Hasło przedmiotowe
    • Osoby z niepełnosprawnością
    • x
    • Określnik rzeczowy
    • integracja.
    • 2
    • Źródło terminu
    • kaba
    • 9
    • KHW
    • 369239
650 -Hasło przedmiotowe [ ,7]
    • a
    • Hasło przedmiotowe
    • Dostępność dla osób z niepełnosprawnością.
    • 2
    • Źródło terminu
    • kaba
    • 9
    • KHW
    • 142622
650 -Hasło przedmiotowe [ ,7]
    • a
    • Hasło przedmiotowe
    • Podróże
    • x
    • Określnik rzeczowy
    • aspekt medyczny.
    • 2
    • Źródło terminu
    • kaba
    • 9
    • KHW
    • 124272
650 -Hasło przedmiotowe [ ,7]
    • a
    • Hasło przedmiotowe
    • Turystyka
    • 2
    • Źródło terminu
    • DBN
    • 9
    • KHW
    • 726818
650 -Hasło przedmiotowe [ ,7]
    • a
    • Hasło przedmiotowe
    • Osoby z niepełnosprawnością
    • 2
    • Źródło terminu
    • DBN
    • 9
    • KHW
    • 725562
650 -Hasło przedmiotowe [ ,7]
    • a
    • Hasło przedmiotowe
    • Osoby z niepełnosprawnością fizyczną
    • 2
    • Źródło terminu
    • DBN
    • 9
    • KHW
    • 726828
650 -Hasło przedmiotowe [ ,7]
    • a
    • Hasło przedmiotowe
    • Osoby z niepełnosprawnością intelektualną
    • 2
    • Źródło terminu
    • DBN
    • 9
    • KHW
    • 726827
650 -Hasło przedmiotowe [ ,7]
    • a
    • Hasło przedmiotowe
    • Osoby niedowidzące
    • 2
    • Źródło terminu
    • DBN
    • 9
    • KHW
    • 726829
650 -Hasło przedmiotowe [ ,7]
    • a
    • Hasło przedmiotowe
    • Psychologia
    • 2
    • Źródło terminu
    • DBN
    • 9
    • KHW
    • 721705
650 -Hasło przedmiotowe [ ,7]
    • a
    • Hasło przedmiotowe
    • Odpoczynek
    • 2
    • Źródło terminu
    • DBN
    • 9
    • KHW
    • 726819
650 -Hasło przedmiotowe [ ,7]
    • a
    • Hasło przedmiotowe
    • Produkt turystyczny
    • 2
    • Źródło terminu
    • DBN
    • 9
    • KHW
    • 726825
655 -Hasło w funkcji tematu formalnego [ ,7]
    • a
    • Hasło
    • Opracowanie
    • 2
    • Źródło terminu
    • DBN
    • 9
    • KHW
    • 721206
658 -Ujęcie treści [ , ]
    • a
    • dziedzina nauki i sztuki/ sfera aktywności życiowej
    • Psychologia
658 -Ujęcie treści [ , ]
    • a
    • dziedzina nauki i sztuki/ sfera aktywności życiowej
    • Podróże i turystyka
980 -Symbol UKD [ , ]
    • a
    • UKD
    • 338.48-056.26/.36
700 -Hasło dodatkowe - nazwa osobowa [1, ]
    • a
    • Nazwa osobowa (NP)
    • Giezek, Marta. Find
    • e
    • Określenie rodzaju współpracy
    • Autor
    • 9
    • KHW
    • 726815
700 -Hasło dodatkowe - nazwa osobowa [1, ]
    • a
    • Nazwa osobowa (NP)
    • Kaganek, Krzysztof. Find
    • e
    • Określenie rodzaju współpracy
    • Autor
    • 9
    • KHW
    • 726810
700 -Hasło dodatkowe - nazwa osobowa [1, ]
    • a
    • Nazwa osobowa (NP)
    • Kałużny, Jerzy. Find
    • e
    • Określenie rodzaju współpracy
    • Autor
    • 9
    • KHW
    • 726817
700 -Hasło dodatkowe - nazwa osobowa [1, ]
    • a
    • Nazwa osobowa (NP)
    • Kędzierska, Joanna. Find
    • e
    • Określenie rodzaju współpracy
    • Autor
    • 9
    • KHW
    • 726812
700 -Hasło dodatkowe - nazwa osobowa [1, ]
    • a
    • Nazwa osobowa (NP)
    • Ramik-Mażewska, Irena. Find
    • e
    • Określenie rodzaju współpracy
    • Autor
    • 9
    • KHW
    • 47197
700 -Hasło dodatkowe - nazwa osobowa [1, ]
    • a
    • Nazwa osobowa (NP)
    • Szczygieł, Andrzej. Find
    • e
    • Określenie rodzaju współpracy
    • Autor
    • 9
    • KHW
    • 726816
700 -Hasło dodatkowe - nazwa osobowa [1, ]
    • a
    • Nazwa osobowa (NP)
    • Wąsowicz-Zaborek, Elżbieta. Find
    • e
    • Określenie rodzaju współpracy
    • Autor
    • 9
    • KHW
    • 726813
700 -Hasło dodatkowe - nazwa osobowa [1, ]
    • a
    • Nazwa osobowa (NP)
    • Borowicka, Anna. Find
    • e
    • Określenie rodzaju współpracy
    • Redakcja
    • 9
    • KHW
    • 94232
700 -Hasło dodatkowe - nazwa osobowa [1, ]
    • a
    • Nazwa osobowa (NP)
    • Heliński, Wojciech. Find
    • e
    • Określenie rodzaju współpracy
    • Redakcja
    • 9
    • KHW
    • 19493
710 -Hasło dodatkowe - nazwa ciała zbiorowego [2, ]
    • a
    • Nazwa ciała zbiorowego lub nazwa geograficzna jako pierwszy element (NP)
    • Forum Turystyki Regionów.
    • e
    • Rodzaj współpracy
    • Wydawca
    • 4
    • Kod relacji
    • pbl
    • 9
    • KHW
    • 94707
Data inwentaryzacji Status udost. Lokalizacja Sygnatura Numer inwentarzowy
2014-01-151BMOsoby niepełnosprawne 40WF.9425
2019-12-16-2TT.20886T.20886